LEADER 00860nab a2200181 i 4500 001 000000274681 003 CaOOAMICUS 005 20180831164958.0 008 180831n xx uu u0 0und r 013 $a23370 040 $aSeMil$bita 245 10$a[vedi periodico]. 500 $aOttobre-Dicembre 2010 - Supplemento. 773 0 $tDalla grazia dei muri alla grazia dei volti.$dCamaldoli (AR) : Ed. Camaldoli, 2010.$w()196887 774 0 $tScheda biografica [di D. Benedetto Calati].$w()317433 774 0 $tBibliografia di Benedetto Calati (gennaio 1994-novembre 2000) ; Gli articoli di D. Benedetto Calati pubblicati su «Camaldoli» (1952-1954), poi «Vita Monastica» (1955-1999).$w()317434 774 0 $aCalati, Benedetto $tEsperienza di comunione ; Aforismi ultimi. - In.$w()317435 996 $6245$a[vedi periodico]$9(OLS)http://semarc/title/309439 LEADER 00883nam a2200217 i 4500 001 000000044145 003 CaOOAMICUS 005 20091002000000.0 008 091002s1972 sp u000 u spa u 013 $a15315 040 $aSeMil$bita 100 1 $aSabugal, Santos,$c.$0(OLS)http://semarc/name/16063 245 10$aCristos :$binvestigación exegética sobre la cristología joannea /$cS. Sabugal. 260 $aBarcelona :$bHerder,$c1972. 300 $aXXXI, 565 p. ;$c22 cm. 500 $aTitolo traslitterato dal greco. 650 4$aCristologia.$0(OLS)http://semarc/subject/173 850 $aSeMil 852 $aSeMil$W1$xVenegono$y1$m2B III 335$j10300$B10300$CSeMilBibl$Z2$F10300 $81 996 $6245$aCristos :$binvestigación exegética sobre la cristología joannea$9(OLS)http://semarc/title/65173 996 $6260$aBarcelona :$bHerder$9(OLS)http://semarc/publisher/29929